Word Ladder: Richard's Winter Quiz Stats

Quiz Updated Jan 27, 2015

Challenge
Share
Tweet
Embed
Score 0/15 Timer 01:30
2 Plays Today
Clue 4-Letter Word % Correct
Shape of an ice cream holderCONE
96.8%
CompletedDONE
96.5%
Put bullets in a gunLOAD
96%
Nickel or dimeCOIN
95.9%
Borrowed moneyLOAN
95.1%
Have a mealDINE
94.5%
Element with symbol PbLEAD
93%
Cut of meat often around vertebraeLOIN
92.1%
Clue 4-Letter Word % Correct
☃ Camping shelter you pitch ☃☠ TENT ☠
91.6%
To let a person keep something temporarilyLEND
90.4%
☃ Constitution or Nutmeg state (abbr.) ☃☠ CONN ☠
90.3%
Regularly behave a certain wayTEND
85.7%
Magnetic media, often floppyDISK
84.3%
A drop shotDINK
79.4%
☃ To criticize something (slang) ☃☠ DISS ☠
79.4%

Today's Daily Dose

Missing Word
1998 A-Z Movies

Word Ladder
5 Vowel Sounds

Quick Pick
Legal Terms

On This Day
June 25th II

You're not logged in!

Compare scores with friends on all Sporcle quizzes.
Join for Free
OR
Log In

You Might Also Like...

Show Comments

Extras

Top Quizzes Today


Score Distribution

Your Account Isn't Verified!

In order to create a playlist on Sporcle, you need to verify the email address you used during registration. Go to your Sporcle Settings to finish the process.

Report this User

Report this user for behavior that violates our Community Guidelines.

Details: